| 000 | 00892nam a22002897a 4500 | ||
|---|---|---|---|
| 003 | CHAP | ||
| 005 | 20220329140748.0 | ||
| 008 | 971013s1978 r 00010 d | ||
| 010 | _a57218 | ||
| 011 | _a58190 | ||
| 035 | _a62345 | ||
| 040 | _cCHAP | ||
| 082 |
_a600 _bS4 |
||
| 100 | 0 | 0 |
_aSkorov, G. E. _eed. _9106839 |
| 245 | _aScience, technology and economic growth in developing countries | ||
| 260 |
_aOxford : _bPergamon, _c1978 |
||
| 300 | _a211 p. | ||
| 590 |
_aBATCH-UPD _b10 _c20130110 _lUCH01 _h0521 |
||
| 590 |
_aBATCH-UPD _b10 _c20130410 _lUCH01 _h0200 |
||
| 590 |
_aBATCH-UPD _b10 _c20130914 _lUCH01 _h1857 |
||
| 590 |
_aCONVERSION _b10 _c20130109 _lUCH01 _h1331 |
||
| 650 | 1 | 4 |
_aPaíses subdesarrollados _xCondiciones económicas. _985152 |
| 650 | 1 | 4 |
_aTecnología. _9111937 |
| 901 | _aBK | ||
| 942 | _cLIBRO | ||
| 949 |
_a600 S4 _bBC _cLIBRO _d33724000280939 _eLIBRO _h55895 _i62345 _si |
||
| 999 |
_c57218 _d57218 |
||